LEADER 00925nam a2200229 i 4500 001 000000155409 003 CaOOAMICUS 005 20061109000000.0 008 061109s1962 it u000 u ita u 013 $a132761 040 $aSeMil$bita 245 10$aTutta la scultura di Jacopo Della Quercia /$cA cura di Ottavio Morisani. 260 $aMilano :$bRizzoli,$c1962. 300 $a89 p., [176] p. di tav. ;$c18 cm. 490 0 $aBiblioteca d'arte Rizzoli ;$v46.-47 500 $aContiene : Nota Bibliografica. 700 1 $aMorisani, Ottavio.$0(OLS)http://semarc/name/41319 830 0$aBiblioteca d'arte Rizzoli ;$v46.-47.$0(OLS)http://semarc/title/7354 850 $aSeMil 852 $aSeMil$W1$xVenegono$y1$m5Q I 19$j107246$B107246$CSeMilBibl$Z2$F116625 $81 996 $6245$aTutta la scultura di Jacopo Della Quercia$9(OLS)http://semarc/title/227585 996 $6260$aMilano :$bRizzoli$9(OLS)http://semarc/publisher/29824 LEADER 01017nam a2200217 4500 001 000000359555 003 CaOOAMICUS 005 20240828150347.0 008 240828s1996 it 000 u ita r 040 $aSeMil$bita 110 0 $aArcidiocesi di Udine :$bComitato diocesano per il 12. centenario del Concilio di Cividale.$0(OLS)http://semarc/name/120309 245 13$aIl Concilio di Cividale :$b796-1996 : storia e attualitą /$cArcidiocesi di Udine, Comitato diocesano per il 12. centenario del Concilio di Cividale. 264 1$aUdine :$b[s.n.],$c1996. 300 $a110 p. ;$c20 cm 650 4$aConcilio di Cividale <796>.$0(OLS)http://semarc/subject/55658 850 $aSeMil 852 $aSeMil$W1$xVenegono$y1$m3A II 440$j250499$B250628$CSeMilBibl$Z2$F250628 $81 961 $aCitrini don Tullio - Omaggio 996 $6245$aIl Concilio di Cividale :$b796-1996 : storia e attualitą$9(OLS)http://semarc/title/449983 996 $6264$aUdine :$b[s.n.]$9(OLS)http://semarc/publisher/35558 LEADER 01123nam a2200265 4500 001 000000347858 003 CaOOAMICUS 005 20211020143550.0 008 210915s1997 it a 000 u ita r 040 $aSeMil$bita 100 1 $aRiva, Gaetano.$0(OLS)http://semarc/name/114678 245 10$aNibionno, Tabiago, Cibrone :$btre paesi, due parrocchie, un comune /$cGaetano Riva. 264 1$a[S.l. :$bs.n.],$c1997$e(Missaglia :$f Bellavite) 300 $a689 p. :$bill. ;$c31 cm 541 0 $aOmaggio mons. Mario Delpini (3P V 536) 650 4$aNibionno - Cibrone.$0(OLS)http://semarc/subject/8545 650 4$aNibionno - Tabiago.$0(OLS)http://semarc/subject/50988 650 4$aNibionno.$0(OLS)http://semarc/subject/50987 850 $aSeMil 852 $aSeMil$W1$xVenegono$y1$m3P V 536$j229730$B238904$CSeMilBibl$Z2$F238904 $81 941 1 $a7 961 $aOmaggio mons. Mario Delpini 996 $6245$aNibionno, Tabiago, Cibrone :$btre paesi, due parrocchie, un comune$9(OLS)http://semarc/title/437162 996 $6264$a[S.l. :$bs.n.]$9(OLS)http://semarc/publisher/29751 LEADER 00672naa a2200145 i 4500 001 000000302063 003 CaOOAMICUS 005 20180831172734.0 008 180831n xx u000 u und u 013 $a9799 040 $aSeMil$bita 100 1 $aPapa, Egidio .$0(OLS)http://semarc/name/29468 245 10$aAspetti di politica ecclesiastica napoletana durante la reggenza ogica Napoletana "S. Luigi" ; 2). 773 0 $tAnnuncio del Vangelo e testimonianza della caritą.$dCinisello Balsamo : San Paolo, 2012.$z978-88-215-7383-5$w()35845 996 $6245$aAspetti di politica ecclesiastica napoletana durante la reggenza ogica Napoletana "S. Luigi" ; 2).$9(OLS)http://semarc/title/378050